Movies Not Filmed in the USA - Sudden Death - Statistics

General Stats
  • This quiz has been taken 65 times
  • The average score is 5 of 10
Answers on the Grid
Answers color-coded by a green-red scale on the quiz's grid according to % correct below.
Jurassic Park
Forrest Gump
Monty Python and The Holy Grail
Godfather
28 Days Later
The Truman Show
Lord of the Rings
1917
Gladiator
Good Will Hunting
The Dark Knight
Inception
Pulp Fiction
No Country for Old Men
The Revenant
Home Alone
Skyfall
Rocky
Mad Max: Fury Road
The Grand Budapest Hotel
 
Answer Stats
Answer % Correct
Lord of the Rings
73%
1917
60%
28 Days Later
58%
Gladiator
58%
Monty Python and The Holy Grail
56%
Skyfall
56%
The Grand Budapest Hotel
54%
Mad Max: Fury Road
50%
The Revenant
33%
Inception
21%
No matching quizzes found
Score Distribution
Percent of People with Each Score
Percentile by Number Answered
Your Score History
You have not taken this quiz